Diseño de un acueducto integrado para la comunidad de Manzanillo en la provincia de Limón

Guardado en:
Bibliografiske detaljer
Hovedforfatter: Esquivel Vindas, Carlos Andres
Format: Bog
Udgivet: [San José, Costa Rica] 2007
Fag:
Tags: Tilføj Tag
Ingen Tags, Vær først til at tagge denne postø!

MARC

LEADER 00000nam a2200000Ia 4500
003 009911
005 20221231144109.0
008 140114s2007 cr a 000 ||s d
040 |c cru CEDI  
090 |a TFG 5439 
100 |a Esquivel Vindas, Carlos Andres  |9 4895 
245 |a  Diseño de un acueducto integrado para la comunidad de Manzanillo en la provincia de Limón 
260 |c 2007  |b [San José, Costa Rica] 
300 |a  vii,151, [18] hojas; ilustraciones (principalmente a color), mapas color 
500 |a Tesis (licenciatura en ingeniería civil)--Universidad de Costa Rica. Escuela de Ingeniería Civil 
650 |x ACUEDUCTOS   |x  DISEÑO   |x  SUMINISTRO DE AGUA   |x AGUA POTABLE   |x MANZANILLO (TALAMANCA, LIMON, COSTA RICA)   |9 4896 
942 |c TFG 
999 |c 16836  |d 16836